Nom des youtubeurs FR #1 - Statistiques

Statistiques générales
  • Ce quiz a été pris 2 759 fois
  • Le résultat moyen est 9 sur 15
Statistiques - réponses
Hint Réponse % Correct
Inoxtag Ines
97%
Michou Miguel
97%
Squeezie Lucas
94%
SEB (la frite) Sébastien
87%
Natoo Nathalie
81%
Mister V Yvick
76%
Mastu Théo
72%
Carlito Raphael
55%
Gotaga Corentin
51%
IbraTV Ibrahim
48%
Fast good cuisine Charles
43%
Pidi Meg
37%
Vodk Valentin
37%
Lena situation Lena Mahfouf
28%
Dr Nozman Germain
9%
Aucun quiz correspondant
Distribution des résultats
% des personnes avec chaque résultat
Percentile par nombre de réponses
Votre historique - résultats
Vous n’avez pas pris ce quiz